Fr. Conceicao Rodrigues College of Engineering

Javascript:Complete reference (Record no. 26590)

MARC details
000 -LEADER
fixed length control field 00367nam a2200181Ia 4500
082 ## - DEWEY DECIMAL CLASSIFICATION NUMBER
Classification number 5.133
Item number POW
100 ## - MAIN ENTRY--PERSONAL NAME
Personal name Powell/Thomas A
250 ## - EDITION STATEMENT
Edition statement 3
245 ## - TITLE STATEMENT
Title Javascript:Complete reference
260 ## - PUBLICATION, DISTRIBUTION, ETC.
Name of publisher, distributor, etc. McGraw Hill
Date of publication, distribution, etc. 2012
366 ## - TRADE AVAILABILITY INFORMATION
Publishers's discount category 20
300 ## - PHYSICAL DESCRIPTION
Extent 954
546 ## - LANGUAGE NOTE
Language note ENGLISH
650 ## - SUBJECT ADDED ENTRY--TOPICAL TERM
Topical term or geographic name entry element Javascript
654 ## - SUBJECT ADDED ENTRY--FACETED TOPICAL TERMS
Focus term javascript
942 ## - ADDED ENTRY ELEMENTS (KOHA)
Koha item type BOOK
Holdings
Withdrawn status Lost status Damaged status Not for loan Collection Home library Current library Date acquired Source of acquisition Cost, normal purchase price Inventory number Total Checkouts Full call number Barcode Date last seen Date last checked out Cost, replacement price Price effective from Koha item type
        CRC Fr. Agnel's C.Rodrigues College of Engineering AGNEL TECHNICAL COLLEGE LIBRARY 17/03/2023 Shroff Publishers 772.00 01295 dt 02.08.2018 1 5.133 POW 25346 23/02/2026 11/02/2026 965.00   BOOK
        CRC Fr. Agnel's C.Rodrigues College of Engineering Fr. Agnel's C.Rodrigues College of Engineering 17/03/2023 Shroff Publishers 772.00 01295 dt 02.08.2018   5.133 POW 25347 17/03/2023   965.00   BOOK